000 00569nam a2200181Ia 4500
008 240729s9999 xx 000 0 und d
022 _a2636-865X
245 0 _aNeurological Sciences and Neurophysiology
260 _aIndia
260 _bWolters Kluwer Medknow Publications
650 _a Internal medicine
650 _a Neurology. Diseases of the nervous system
650 _a Neurosciences. Biological psychiatry. Neuropsychiatry
650 _aMedicine
856 _uhttps://doaj.org/toc/f72e5a276e974bd8ad22c7ce5fb4babc
942 _2ddc
942 _cDOAJEJ
999 _c69246
_d69246
945 _a1
_bMadushi Gamage
_c1
_dMadushi Gamage